Sports Quiz

Random Sports or Football Quiz

Autographed Footballs Quiz Stats

 Plays Quiz Updated Feb 10, 2013

Also try: NFL: Literally
Challenge
Share
Tweet
Score 0/25 Timer 06:00
7 Plays Today
Column % Correct
Barry Sanders
92.6%
Jerry Rice
90.9%
Kurt Warner
88.9%
Jim Brown
88.8%
Gale Sayers
88%
Joe Montana
71.8%
Dan Marino
70.6%
Terry Bradshaw
69.3%
Bubba Smith
67.5%
Jim Kelly
66.2%
Don Shula
66.1%
Lynn Swann
64.3%
Brett Favre
61.3%
Column % Correct
Peyton Manning
56.5%
Jackie Slater
53.9%
John Elway
52.4%
Doug Flutie
40.7%
Randy Moss
36.5%
Roger Staubach
23.1%
Marshall Faulk
22.7%
Troy Aikman
16.8%
LaDainian Tomlinson
13.6%
Drew Brees
12%
Reggie Bush
9.6%
Marcus Allen
6.6%

You're not logged in!

Compare scores with friends on all Sporcle quizzes.
Join for Free
OR
Log In

You Might Also Like...

Show Comments

Extras

Top Quizzes Today


Score Distribution

Your Account Isn't Verified!

In order to create a playlist on Sporcle, you need to verify the email address you used during registration. Go to your Sporcle Settings to finish the process.

Report this User

Report this user for behavior that violates our Community Guidelines.

Details: